| 000 | 00447nam a2200145 a 4500 | ||
|---|---|---|---|
| 001 | 5205 | ||
| 003 | CDMR | ||
| 005 | 20130716120040.0 | ||
| 008 | 130130s1980||||||||||||||||||||||||||||d | ||
| 040 |
_aCDMR _bcat _cCDMR |
||
| 245 | 0 |
_aMass media codes of ethics and councils _b: a comparative international study on professional standards |
|
| 260 |
_aParis _c1980 _bUNESCO |
||
| 490 | 0 |
_aEstudios y documentos de comunicación social _v86 |
|
| 942 |
_cMON _2udc |
||
| 999 |
_c5205 _d5205 |
||